000 01080aam a2200301ui 4500
001 008220954
003 EG-ScBUE
005 20260315100633.0
008 900410t1987 nyua f b 001 0 eng d
020 _a9780442211622
040 _aEG-ScBUE
_beng
_erda
_cEG-ScBUE
_dEG-ScBUE
082 0 4 _a553.41
_222
_bBOY
100 1 _aBoyle, R. W.
_q(Robert William),
_d1920-
_929568
_eauthor.
245 1 0 _aGold :
_bhistory and genesis of deposits /
_cRobert W. Boyle, Geology Survey of Canada, Ottawa, Ontario, Canada.
264 1 _aNew York :
_bVan Nostrand Reinhold,
_c[1987]
264 4 _cc1987
300 _axvii, 676 pages :
_billustrations ;
_c27 cm
336 _2rdacontent
_atext
_btxt
337 _aunmediated
_2rdamedia
_bn
338 _avolume
_bnc
_2rdacarrier
500 _aSponsored by : Society of Economic Geologists, and Society of Economic Geologists Foundation.
504 _aIncludes bibliographical references and index.
650 7 _aGold ores.
_929569
_2BUEsh
650 7 _aGold.
_929570
_2BUEsh
653 _cApril2012
655 _vReading book
942 _2ddc
_cBB
999 _c16628
_d16628